000 00496nam a2200205 a 4500
001 BRCA_5909
005 20190320205247.0
008 180311s1927----gw-#######---#000-0#ger-#
041 _ager
044 _agw
050 4 _aPT401
_b.F87
_c1927
100 1 _aFürstenwerth, Ludwig.
_914943
245 1 0 _aVom Kostlichen Hum
260 _aLeipzig
_bHesse und Becker
_c1927
300 _a286 p.
_c17 cm.
500 _aH146
650 1 4 _aLiteratura alemana.
_96160
902 _aGFM
942 _2lcc
_cB
999 _c5598
_d5598